Normal view
MARC view
- Nazo Haroon
Entry Personal Name
001 - CONTROL NUMBER
- control field: 84562
003 - CONTROL NUMBER IDENTIFIER
- control field: NUST
005 - DATE AND TIME OF LATEST TRANSACTION
- control field: 20211119112213.0
008 - FIXED-LENGTH DATA ELEMENTS
- fixed length control field: 211119|| aca||aabn | a|a d
040 ## - CATALOGING SOURCE
- Original cataloging agency: NUST
- Transcribing agency: NUST
100 ## - HEADING--PERSONAL NAME
- Personal name: Nazo Haroon
670 ## - SOURCE DATA FOUND
- Source citation: Work cat.: (NUST): Nazo Haroon, TH-SOF-1403-Non-invasive SPO2 & Blood Glucose Measurement Using Near Infrared Spectroscopy (NIRS), 2017.
